Normal view
MARC view
- Choudhary, S N
Entry Personal Name
001 - CONTROL NUMBER
- control field: 2059
003 - CONTROL NUMBER IDENTIFIER
- control field: OSt
005 - DATE AND TIME OF LATEST TRANSACTION
- control field: 20170801152803.0
008 - FIXED-LENGTH DATA ELEMENTS
- fixed length control field: 170801|| aca||aabn | a|a d
040 ## - CATALOGING SOURCE
- Original cataloging agency: OSt
- Transcribing agency: OSt
100 ## - HEADING--PERSONAL NAME
- Personal name: Choudhary, S N
670 ## - SOURCE DATA FOUND
- Source citation: Work cat.: (OSt): Choudhary, S N, Agri-business: marketing and management, 2012
